00330pab a2200121 454500008004000000100001700040245006600057260000900123300001300132362001200145650001800157773003300175180718b2002 xxu||||| |||| 00| 0 eng d aArora, Dolly aPublic policy analaysis: addressing the contextual challenges c2002 ap.45-68. aJan-Jun aPublic policy aIndian Social Science Review